[Event "2014 Australian Championships"]
[Site "Melbourne"]
[Date "2014.01.09"]
[Round "9.13"]
[White "Jordan, Bill"]
[Black "Choong, Yita"]
[Result "1-0"]
[WhiteElo "2270"]
[BlackElo "2203"]
[PlyCount "101"]
[EventDate "2014.01.??"]
[EventType "swiss"]
[EventRounds "11"]
[EventCountry "AUS"]
[SourceDate "2014.01.02"]

1. e4 c6 2. d4 d5 3. e5 c5 4. dxc5 e6 5. Bd3 Nc6 6. Nf3 Bxc5 7. O-O Nge7 8. Bf4
Ng6 9. Bg3 O-O 10. Nbd2 f5 11. exf6 Qxf6 12. c3 Bd7 13. Nb3 Bb6 14. Bc2 Nf4 15.
a4 a5 16. Qd2 g5 17. Rad1 Be8 18. Rde1 Rd8 19. Nbd4 Nxd4 20. cxd4 Rc8 21. Re3
Rc4 22. b3 Rb4 23. Rfe1 Bd7 24. Re5 g4 25. Rg5+ Kh8 26. Rxg4 e5 27. Rh4 Nxg2
28. Bxe5 Nxh4 29. Nxh4 Bxd4 30. Bxf6+ Rxf6 31. Re7 Bxf2+ 32. Qxf2 Rxf2 33.
Rxh7+ Kg8 34. Kxf2 Be6 35. Rh6 Bf7 36. Nf5 d4 37. Rh3 Be6 38. Rg3+ Kf8 39. Rf3
Bd5 40. Rf4 d3 41. Nd4+ Ke7 42. Bxd3 Bxb3 43. Re4+ Kf6 44. Nxb3 Rxb3 45. Bb5
Kf5 46. Re3 Rb2+ 47. Kg3 b6 48. Rf3+ Kg6 49. h4 Kh6 50. Rf6+ Kh5 51. Be8# 1-0

[Event "2014 Australian Championships"]
[Site "Melbourne"]
[Date "2014.01.09"]
[Round "9.14"]
[White "Nakauchi, Gene"]
[Black "Levi, Eddy"]
[Result "*"]
[WhiteElo "2210"]
[BlackElo "2134"]
[PlyCount "93"]
[EventDate "2014.01.??"]
[EventType "swiss"]
[EventRounds "11"]
[EventCountry "AUS"]
[SourceDate "2014.01.02"]

1. e4 e5 2. Nf3 Nc6 3. Bb5 f5 4. d3 fxe4 5. dxe4 Nf6 6. O-O Bc5 7. Bg5 d6 8.
Nc3 O-O 9. Nd5 Kh8 10. Nh4 Ne7 11. Bxf6 gxf6 12. Qh5 Kg7 13. Rad1 Nxd5 14. Rxd5
Be6 15. Rd3 Bf7 16. Nf5+ Kh8 17. Qh6 Rg8 18. Qh3 Bg6 19. Bc4 Qd7 20. Bxg8 Rxg8
21. Rf3 d5 22. Qh4 Rf8 23. Rd1 d4 24. h3 Be7 25. Rdd3 c5 26. Qh6 Rf7 27. c4 Bf8
28. Qd2 b5 29. Qc2 Qc6 30. cxb5 Qxe4 31. Qc4 Qb7 32. Rd2 e4 33. Rf4 Qc7 34. g3
e3 35. Re2 Rd7 36. Qe6 Bxf5 37. Qxf5 Qd6 38. fxe3 dxe3 39. Qxf6+ Qxf6 40. Rxf6
Bg7 41. Re6 Bd4 42. Kg2 Kg7 43. a4 Kf7 44. Rc6 Re7 45. a5 Rb7 46. b6 axb6 47.
Rxb6 *

[Event "2014 Australian Championships"]
[Site "Melbourne"]
[Date "2014.01.09"]
[Round "9.15"]
[White "Loh, Zachary"]
[Black "Zulfic, Fedja"]
[Result "0-1"]
[WhiteElo "2032"]
[BlackElo "2152"]
[PlyCount "132"]
[EventDate "2014.01.??"]
[EventType "swiss"]
[EventRounds "11"]
[EventCountry "AUS"]
[SourceDate "2014.01.02"]

1. c4 Nf6 2. g3 g6 3. b3 Bg7 4. Bb2 d6 5. Bg2 Nbd7 6. Nf3 c6 7. O-O e5 8. d3
O-O 9. Nbd2 a5 10. a3 Qb6 11. Qc2 Re8 12. Rab1 c5 13. Ng5 h6 14. Nge4 Nh5 15.
Nc3 f5 16. e3 Ndf6 17. f4 Be6 18. fxe5 dxe5 19. Nd5 Qd6 20. Rbe1 Rad8 21. d4 e4
22. dxc5 Qxc5 23. Nxf6+ Nxf6 24. Bxf6 Bxf6 25. Nxe4 fxe4 26. Rxf6 Bf5 27. g4
Kg7 28. Qb2 Qe5 29. Qxe5 Rxe5 30. Rb6 Bxg4 31. Rxb7+ Kf6 32. Rf1+ Bf5 33. b4
Rd3 34. Rb5 Rxe3 35. Rxe5 Kxe5 36. b5 Rxa3 37. Rc1 Rb3 38. Ra1 Kf4 39. Bf1 e3
40. c5 Rb2 41. b6 Be4 42. Rxa5 e2 43. Bxe2 Rxe2 44. Ra4 Rb2 45. Rc4 Ke3 46. Rc1
Bc6 47. Re1+ Re2 48. Rb1 Rg2+ 49. Kf1 Rxh2 50. Rb3+ Kd4 51. b7 Bxb7 52. Rxb7
Kxc5 53. Rg7 g5 54. Kg1 Rh4 55. Rd7 Rd4 56. Rh7 Rd6 57. Kg2 Kd4 58. Kf3 Ke5 59.
Kg4 Rd4+ 60. Kg3 Rh4 61. Ra7 Kf6 62. Ra6+ Kg7 63. Rb6 Rf4 64. Ra6 Rf6 65. Ra7+
Kg6 66. Rb7 Ra6 0-1

[Event "2014 Australian Championships"]
[Site "Melbourne"]
[Date "2014.01.09"]
[Round "9.16"]
[White "Puccini, Jack"]
[Black "Hu, Jason"]
[Result "1/2-1/2"]
[WhiteElo "2078"]
[BlackElo "2118"]
[PlyCount "130"]
[EventDate "2014.01.??"]
[EventType "swiss"]
[EventRounds "11"]
[EventCountry "AUS"]
[SourceDate "2014.01.02"]

1. e4 c6 2. d4 d5 3. f3 dxe4 4. fxe4 e5 5. Nf3 Be6 6. c3 Nd7 7. Bd3 Ngf6 8. O-O
Bd6 9. Bg5 h6 10. Bh4 g5 11. Bf2 Qc7 12. Kh1 O-O-O 13. Na3 Kb8 14. d5 Bg4 15.
dxc6 bxc6 16. b4 Nb6 17. Qe2 Nh5 18. Qe3 Nf4 19. Ba6 Rhe8 20. Nc4 Nxc4 21. Bxc4
f5 22. a4 fxe4 23. Nd2 Nd5 24. Qg3 e3 25. Bxe3 Nxe3 26. Qxe3 e4 27. Rf7 Bf4 28.
Qc5 Qb6 29. Nb3 e3 30. Na5 Qxc5 31. bxc5 Rd7 32. Rb1+ Kc8 33. Ba6+ Kd8 34.
Nxc6+ Kc7 35. Nxa7 Rb8 36. Nb5+ Kd8 37. Rf8+ Ke7 38. Rxb8 Bxb8 39. Nd4 Be5 40.
Nc6+ Kf6 41. Rf1+ Bf4 42. Nd4 Ke5 43. Bc8 Ke4 44. Bxd7 Bxd7 45. c6 Bc8 46. g3
Be5 47. Kg2 Ba6 48. Nb5 e2 49. Re1 Ke3 50. c7 h5 51. c4 h4 52. gxh4 gxh4 53. c5
Bb7+ 54. Kg1 h3 55. Nd6 Ba6 56. Nc4+ Bxc4 57. c8=Q Bd4 58. Qg4 Kd3+ 59. Qxd4+
Kxd4 60. c6 Ke3 61. c7 Ba6 62. a5 Bc8 63. Ra1 Ba6 64. Re1 Bc8 65. Ra1 Ba6
1/2-1/2

[Event "2014 Australian Championships"]
[Site "Melbourne"]
[Date "2014.01.09"]
[Round "9.17"]
[White "Castor, David"]
[Black "Louie, Ryan"]
[Result "1/2-1/2"]
[WhiteElo "2125"]
[BlackElo "1909"]
[PlyCount "44"]
[EventDate "2014.01.??"]
[EventType "swiss"]
[EventRounds "11"]
[EventCountry "AUS"]
[SourceDate "2014.01.02"]

1. d4 Nf6 2. Bg5 c5 3. d5 Qb6 4. Nc3 Qxb2 5. Bd2 Qb6 6. e4 d6 7. f4 Nbd7 8. Nf3
e6 9. dxe6 fxe6 10. Bc4 Nxe4 11. Bxe6 Ndf6 12. Nxe4 Bxe6 13. Nxf6+ gxf6 14. Qe2
Kd7 15. O-O Re8 16. Qf2 Bg7 17. Bc3 Rhg8 18. Rfd1 Qc6 19. Rd2 Kc8 20. Rad1 d5
21. f5 Bf7 22. Rd3 Kb8 1/2-1/2

[Event "2014 Australian Championships"]
[Site "Melbourne"]
[Date "2014.01.09"]
[Round "9.18"]
[White "Nemeth, John"]
[Black "Penrose, Justin"]
[Result "0-1"]
[WhiteElo "2115"]
[BlackElo "1986"]
[PlyCount "74"]
[EventDate "2014.01.??"]
[EventType "swiss"]
[EventRounds "11"]
[EventCountry "AUS"]
[SourceDate "2014.01.02"]

1. c4 e5 2. g3 Nf6 3. Bg2 d5 4. cxd5 Nxd5 5. Nc3 Nb6 6. Nf3 Nc6 7. d3 Be7 8.
Bd2 O-O 9. O-O Be6 10. Rc1 Qd7 11. Ng5 Bg4 12. Nce4 Nd4 13. f3 Bf5 14. f4 f6
15. Nf3 Bxe4 16. dxe4 Rfd8 17. Be3 Nxf3+ 18. exf3 Qb5 19. Qc2 c6 20. Bh3 Kh8
21. b3 a5 22. a4 Qb4 23. fxe5 fxe5 24. Rcd1 Rxd1 25. Rxd1 Rd8 26. Rxd8+ Bxd8
27. Kg2 Be7 28. Bd2 Qd6 29. Bxa5 Nd7 30. Qd2 Nc5 31. Qc2 Ne6 32. Qc4 Nd4 33.
Bb6 h6 34. a5 Qa3 35. Bc8 Qa2+ 36. Kh3 Nxf3 37. Bxb7 h5 0-1

[Event "2014 Australian Championships"]
[Site "Melbourne"]
[Date "2014.01.09"]
[Round "9.19"]
[White "Michaille, Laurent"]
[Black "Stojic, Svetozar"]
[Result "0-1"]
[WhiteElo "2115"]
[BlackElo "2029"]
[PlyCount "56"]
[EventDate "2014.01.??"]
[EventType "swiss"]
[EventRounds "11"]
[EventCountry "AUS"]
[SourceDate "2014.01.02"]

1. e4 c5 2. Nf3 d6 3. d4 cxd4 4. Nxd4 Nf6 5. f3 g6 6. c4 Bg7 7. Nc3 Nc6 8. Be3
O-O 9. Qd2 Bd7 10. Be2 a5 11. Ndb5 a4 12. Rb1 Qa5 13. O-O Rfc8 14. f4 Bg4 15.
Bd3 Nb4 16. a3 Nxd3 17. Qxd3 Be6 18. Nd5 Nxd5 19. cxd5 Bd7 20. Nd4 b5 21. Rfc1
b4 22. Nc6 Bxc6 23. Rxc6 Rxc6 24. dxc6 b3 25. Bd4 Bxd4+ 26. Qxd4 Rc8 27. Qb4
Qa7+ 28. Kh1 Rxc6 0-1

[Event "2014 Australian Championships"]
[Site "Melbourne"]
[Date "2014.01.09"]
[Round "9.20"]
[White "Stojic, Dusan"]
[Black "Pyke, Malcolm"]
[Result "0-1"]
[WhiteElo "2233"]
[BlackElo "2123"]
[PlyCount "108"]
[EventDate "2014.01.??"]
[EventType "swiss"]
[EventRounds "11"]
[EventCountry "AUS"]
[SourceDate "2014.01.02"]

1. Nf3 g6 2. e4 c6 3. d4 d5 4. Nc3 Bg4 5. Be2 e6 6. Be3 Nf6 7. h3 Bxf3 8. Bxf3
dxe4 9. Nxe4 Nxe4 10. Bxe4 Bg7 11. Qd2 O-O 12. O-O-O Nd7 13. h4 Nf6 14. Bf3 h5
15. Rhg1 Qd7 16. Kb1 Rfd8 17. Qe2 Qc7 18. g4 hxg4 19. Bxg4 e5 20. h5 exd4 21.
Rxd4 Rxd4 22. Bxd4 Re8 23. Qf3 Nxh5 24. Bxg7 Nxg7 25. Rh1 f5 26. Bh3 Qe5 27. a3
Ne6 28. Bg2 Nf4 29. Qb3+ Qe6 30. Qxb7 Nxg2 31. Qh7+ Kf8 32. Qh6+ Kf7 33. Qg5
Ne1 34. Rh7+ Kg8 35. Rh3 Nxc2 36. Qh4 Nxa3+ 37. Ka1 Qe1+ 38. Ka2 Qb1+ 39. Kxa3
Qa1+ 40. Kb3 Rb8+ 41. Kc4 Qa4+ 42. Kc5 Qxh4 43. Rxh4 Rxb2 44. Ra4 Rxf2 45. Rxa7
Rd2 46. Kxc6 Rd8 47. Kc5 Rf8 48. Kd4 Rf7 49. Ra6 Kg7 50. Ke3 g5 51. Kf3 Rf6 52.
Ra8 Rb6 53. Ra3 Kg6 54. Kg3 Kh5 0-1

[Event "2014 Australian Championships"]
[Site "Melbourne"]
[Date "2014.01.09"]
[Round "9.21"]
[White "Vlietstra, Marc"]
[Black "Tang, Jason"]
[Result "0-1"]
[WhiteElo "2035"]
[BlackElo "2067"]
[PlyCount "66"]
[EventDate "2014.01.??"]
[EventType "swiss"]
[EventRounds "11"]
[EventCountry "AUS"]
[SourceDate "2014.01.02"]

1. e4 e6 2. b4 Bxb4 3. c3 Be7 4. d4 d5 5. e5 c5 6. Qg4 Bf8 7. Nf3 Nc6 8. dxc5
Nge7 9. h4 Qa5 10. Bd3 Ng6 11. Qg3 Qc7 12. Bb5 Bd7 13. Bxc6 Qxc6 14. O-O h5 15.
Nbd2 Bxc5 16. Nb3 Be7 17. Bg5 Bxg5 18. Nxg5 Qc7 19. f4 Rc8 20. Nxf7 Kxf7 21. f5
exf5 22. Rae1 Rhe8 23. Nd4 Rxe5 24. Qg5 Rxe1 25. Rxe1 Qd8 26. Nxf5 Qxg5 27.
Nd6+ Kf8 28. hxg5 Rxc3 29. Nxb7 d4 30. Nd6 Rc6 31. Nb5 d3 32. Rd1 d2 33. Rxd2
Rc1+ 0-1

[Event "2014 Australian Championships"]
[Site "Melbourne"]
[Date "2014.01.10"]
[Round "10.1"]
[White "Illingworth, Max"]
[Black "Tu, Hoang Thong"]
[Result "1/2-1/2"]
[WhiteElo "2434"]
[BlackElo "2428"]
[PlyCount "51"]
[EventDate "2014.01.??"]
[EventType "swiss"]
[EventRounds "11"]
[EventCountry "AUS"]
[SourceDate "2014.01.02"]

1. e4 e5 2. Nf3 Nf6 3. Nxe5 d6 4. Nf3 Nxe4 5. d3 Nf6 6. d4 d5 7. c4 Bb4+ 8. Nc3
O-O 9. Be2 dxc4 10. Bxc4 Bg4 11. O-O Bxf3 12. Qxf3 Qxd4 13. Qxb7 Qxc4 14. Qxa8
Bd6 15. Qxa7 Bxh2+ 16. Kxh2 Qxf1 17. Rb1 Nc6 18. Qc5 Ne5 19. Bf4 Neg4+ 20. Kg3
Ne4+ 21. Nxe4 Qxb1 22. Qf5 Qxb2 23. Kxg4 Qxa2 24. Bxc7 f6 25. Kh3 Qf7 26. Bd6
1/2-1/2

[Event "2014 Australian Championships"]
[Site "Melbourne"]
[Date "2014.01.10"]
[Round "10.2"]
[White "Smirnov, Anton"]
[Black "Bjebork, Igor"]
[Result "1-0"]
[WhiteElo "2338"]
[BlackElo "2339"]
[PlyCount "55"]
[EventDate "2014.01.??"]
[EventType "swiss"]
[EventRounds "11"]
[EventCountry "AUS"]
[SourceDate "2014.01.02"]
[WhiteClock "0:22:57"]
[BlackClock "0:07:56"]

1. e4 c5 2. Nf3 e6 3. d4 cxd4 4. Nxd4 a6 5. Nc3 b5 6. Bd3 Qb6 7. Nf3 Qc7 8. e5
Nc6 9. Qe2 Bb7 10. O-O f5 11. exf6 Nxf6 12. a4 b4 13. Ne4 Be7 14. Bg5 O-O 15.
Rfe1 a5 16. Rad1 Rae8 17. Bh4 Nd5 18. Neg5 Bxg5 19. Nxg5 h6 20. Bh7+ Kh8 21.
Rxd5 Qf4 22. Bg3 Nd4 23. Qd1 exd5 24. Bxf4 Rxe1+ 25. Qxe1 hxg5 26. Bd6 Rf6 27.
Bd3 Re6 28. Qd1 1-0

[Event "2014 Australian Championships"]
[Site "Melbourne"]
[Date "2014.01.10"]
[Round "10.3"]
[White "Johansen, Darryl"]
[Black "Papin, Vasily"]
[Result "1/2-1/2"]
[WhiteElo "2406"]
[BlackElo "2510"]
[PlyCount "103"]
[EventDate "2014.01.??"]
[EventType "swiss"]
[EventRounds "11"]
[EventCountry "AUS"]
[SourceDate "2014.01.02"]
[WhiteClock "0:27:15"]
[BlackClock "0:58:40"]

1. d4 d5 2. Nf3 Nf6 3. c4 e6 4. g3 dxc4 5. Qa4+ Nbd7 6. Bg2 a6 7. Qxc4 b5 8.
Qc6 Rb8 9. Bf4 Bb7 10. Qxc7 Bb4+ 11. Nbd2 Qxc7 12. Bxc7 Rc8 13. Bf4 Rc2 14. O-O
O-O 15. Ne1 Rxb2 16. Bxb7 Bxd2 17. Nd3 Rc2 18. Bxa6 Bxf4 19. Nxf4 g5 20. Nd3
Ra8 21. Bxb5 Raxa2 22. Rxa2 Rxa2 23. Rb1 Nb6 24. Rb2 Ra1+ 25. Kg2 Nbd5 26. Bc6
Ne7 27. Bb7 Nf5 28. e3 g4 29. h3 h5 30. hxg4 hxg4 31. Ne5 Nd6 32. Bc6 Rc1 33.
Bb5 Nf5 34. Bd3 Nh6 35. Rd2 Kg7 36. Rc2 Ra1 37. Rb2 Rd1 38. Bc2 Ra1 39. Bd3 Rd1
40. Be2 Ra1 41. Rc2 Rb1 42. Ra2 Rc1 43. Nd3 Rb1 44. Rb2 Ra1 45. Nc5 Nh7 46. Nd7
Ra7 47. Ne5 Nf6 48. Bd3 Rc7 49. Ra2 Rc1 50. Ra7 Kg8 51. Ra5 Kf8 52. Ra2 1/2-1/2

[Event "2014 Australian Championships"]
[Site "Melbourne"]
[Date "2014.01.10"]
[Round "10.4"]
[White "Solomon, Stephen"]
[Black "Ly, Moulthun"]
[Result "1/2-1/2"]
[WhiteElo "2371"]
[BlackElo "2416"]
[PlyCount "60"]
[EventDate "2014.01.??"]
[EventType "swiss"]
[EventRounds "11"]
[EventCountry "AUS"]
[SourceDate "2014.01.02"]

1. e4 c5 2. Nf3 e6 3. d4 cxd4 4. Nxd4 Nc6 5. Nc3 Qc7 6. Be2 a6 7. O-O b5 8.
Nxc6 dxc6 9. f4 Bb7 10. Bf3 Rd8 11. Qe2 Bc5+ 12. Kh1 Ne7 13. Be3 Bxe3 14. Qxe3
c5 15. Rad1 O-O 16. g3 Rfe8 17. Kg2 h6 18. Rxd8 Rxd8 19. Rd1 Rxd1 20. Nxd1 Qd6
21. Kf2 e5 22. Qd3 Qc7 23. fxe5 Qxe5 24. c3 Qc7 25. Ne3 Ng6 26. Nf5 Ne5 27. Qd6
Qxd6 28. Nxd6 Bc6 29. Be2 Kf8 30. Ke3 Ke7 1/2-1/2

[Event "2014 Australian Championships"]
[Site "Melbourne"]
[Date "2014.01.10"]
[Round "10.5"]
[White "Cheng, Bobby"]
[Black "Goldenberg, Igor"]
[Result "1/2-1/2"]
[WhiteElo "2433"]
[BlackElo "2373"]
[PlyCount "83"]
[EventDate "2014.01.??"]
[EventType "swiss"]
[EventRounds "11"]
[EventCountry "AUS"]
[SourceDate "2014.01.02"]
[WhiteClock "0:35:43"]
[BlackClock "0:34:43"]

1. d4 Nf6 2. c4 g6 3. Nc3 Bg7 4. e4 d6 5. f4 O-O 6. Nf3 c5 7. dxc5 Qa5 8. Bd3
Qxc5 9. Qe2 Nc6 10. Be3 Qh5 11. h3 Bg4 12. O-O Bxf3 13. Rxf3 Nd7 14. Qd2 Qa5
15. Rc1 Nc5 16. Rf2 Na4 17. Nxa4 Qxa4 18. b3 Qa3 19. c5 Rfd8 20. cxd6 Qxd6 21.
Bc4 Qa3 22. Qe1 e6 23. f5 Qe7 24. fxe6 fxe6 25. Bc5 Qe8 26. Qe2 b6 27. Be3 Ne5
28. Bg5 Rdc8 29. Bf6 Nxc4 30. Bxg7 Kxg7 31. Rxc4 Rxc4 32. Qxc4 Rc8 33. Qb4 e5
34. Qd6 Rc6 35. Qa3 Rc7 36. Qb2 Rd7 37. Qc3 Qe7 38. Qf3 Rd8 39. Qc3 Rd4 40. Qc6
Rd6 41. Qb5 Rd4 42. Qc6 1/2-1/2

[Event "2014 Australian Championships"]
[Site "Melbourne"]
[Date "2014.01.10"]
[Round "10.6"]
[White "Lane, Gary"]
[Black "Zelesco, Karl"]
[Result "0-1"]
[WhiteElo "2375"]
[BlackElo "2242"]
[PlyCount "82"]
[EventDate "2014.01.??"]
[EventType "swiss"]
[EventRounds "11"]
[EventCountry "AUS"]
[SourceDate "2014.01.02"]
[WhiteClock "0:07:18"]
[BlackClock "0:06:41"]

1. e4 e6 2. d4 d5 3. Nd2 Nc6 4. Ngf3 Nf6 5. e5 Nd7 6. Nb3 a5 7. a4 Be7 8. Bb5
Na7 9. Bd3 b6 10. c3 c5 11. Be2 O-O 12. O-O Nc6 13. Bf4 Ba6 14. Bxa6 Rxa6 15.
Re1 Ra7 16. Qe2 h6 17. h3 Rb7 18. Nbd2 Qc7 19. Rac1 Rfb8 20. c4 Nb4 21. Bg3 Qc6
22. b3 Rd8 23. Red1 Nf8 24. cxd5 exd5 25. Nh4 Ne6 26. Nf5 Bf8 27. Nf3 Rc7 28.
Nd6 Rcd7 29. Nh4 Qa8 30. dxc5 bxc5 31. Nhf5 Qc6 32. Nh4 Qa8 33. Nhf5 g6 34. Ne3
Bg7 35. f4 Nd4 36. Qb2 Rxd6 37. Rxc5 Ne6 38. Rb5 R6d7 39. f5 Nc7 40. Rc5 Qa7
41. Qd4 gxf5 0-1

[Event "2014 Australian Championships"]
[Site "Melbourne"]
[Date "2014.01.10"]
[Round "10.7"]
[White "Brown, Andrew"]
[Black "Morris, James"]
[Result "1-0"]
[WhiteElo "2259"]
[BlackElo "2405"]
[PlyCount "63"]
[EventDate "2014.01.??"]
[EventType "swiss"]
[EventRounds "11"]
[EventCountry "AUS"]
[SourceDate "2014.01.02"]

1. d4 Nf6 2. c4 c5 3. d5 Ne4 4. Qc2 Qa5+ 5. Nc3 f5 6. f3 Nxc3 7. Bd2 d6 8. Bxc3
Qc7 9. e3 Rg8 10. Bd3 g6 11. e4 Na6 12. a3 e5 13. dxe6 f4 14. Ne2 Bh6 15. Qa4+
Qc6 16. Qxc6+ bxc6 17. e5 d5 18. cxd5 cxd5 19. Bb5+ Ke7 20. Bc6 Bxe6 21. Bxa8
Rxa8 22. b4 d4 23. Bd2 Bg7 24. Rc1 Bxe5 25. Bxf4 Kf6 26. Bxe5+ Kxe5 27. b5 Nc7
28. Rxc5+ Nd5 29. Kd2 Rd8 30. Re1 d3 31. Nf4+ Kxf4 32. Rxe6 1-0

[Event "2014 Australian Championships"]
[Site "Melbourne"]
[Date "2014.01.10"]
[Round "10.9"]
[White "Matheson, Laurence"]
[Black "Li, Luke"]
[Result "1/2-1/2"]
[WhiteElo "2161"]
[BlackElo "2336"]
[PlyCount "80"]
[EventDate "2014.01.??"]
[EventType "swiss"]
[EventRounds "11"]
[EventCountry "AUS"]
[SourceDate "2014.01.02"]

1. e4 e5 2. Nf3 Nc6 3. Bb5 a6 4. Ba4 Nf6 5. O-O Be7 6. Re1 b5 7. Bb3 d6 8. c3
O-O 9. h3 Nb8 10. d4 Nbd7 11. c4 Bb7 12. Nc3 c6 13. c5 h6 14. cxd6 Bxd6 15. Be3
Qc7 16. Rc1 Rad8 17. Nd5 Qb8 18. Nxf6+ Nxf6 19. dxe5 Bxe5 20. Qc2 Rfe8 21. Nxe5
Qxe5 22. f3 Nd7 23. Qc3 Qg3 24. Bf2 Qg5 25. Red1 Ne5 26. h4 Qf4 27. Bd4 Rxd4
28. Qxd4 Qxh4 29. Qf2 Qf4 30. Rc3 Bc8 31. a3 h5 32. Qe3 Qf6 33. g3 g5 34. Rf1
h4 35. f4 Ng4 36. fxg5 Qxf1+ 37. Kxf1 Nxe3+ 38. Rxe3 hxg3 39. Kg2 Be6 40. Bxe6
Rxe6 1/2-1/2

[Event "2014 Australian Championships"]
[Site "Melbourne"]
[Date "2014.01.10"]
[Round "10.10"]
[White "Schon, Eugene"]
[Black "Nakauchi, Gene"]
[Result "1-0"]
[WhiteElo "2195"]
[BlackElo "2210"]
[PlyCount "89"]
[EventDate "2014.01.??"]
[EventType "swiss"]
[EventRounds "11"]
[EventCountry "AUS"]
[SourceDate "2014.01.02"]

1. d4 Nf6 2. c4 e6 3. Nc3 c5 4. d5 exd5 5. cxd5 d6 6. Nf3 g6 7. Qa4+ Bd7 8. Qb3
Qc7 9. e4 Bg7 10. Bc4 O-O 11. O-O Na6 12. h3 Rab8 13. Re1 b5 14. Nxb5 Bxb5 15.
Bxb5 Qa5 16. a4 Nc7 17. Ra3 a6 18. Bd2 Qb6 19. Bc4 Qa7 20. Qc2 a5 21. Bc3 Rfe8
22. Qd3 Nd7 23. Bxg7 Kxg7 24. Raa1 f6 25. Qc2 Rb4 26. b3 Qb7 27. Re3 Nb6 28.
Bf1 Na6 29. Rae1 c4 30. Bxc4 Nxc4 31. bxc4 Nc5 32. Nd4 Rb2 33. Qc1 Nxa4 34.
Ne6+ Kg8 35. Rf3 Nc5 36. Rxf6 Nxe6 37. dxe6 Rb4 38. Qf4 Qe7 39. e5 dxe5 40.
Qxe5 Qg7 41. e7 Rxc4 42. Qe6+ Kh8 43. Rf8+ Rxf8 44. exf8=R+ Qxf8 45. Qxc4 1-0

[Event "2014 Australian Championships"]
[Site "Melbourne"]
[Date "2014.01.10"]
[Round "10.11"]
[White "Zulfic, Fedja"]
[Black "Sukandar, Irene"]
[Result "1/2-1/2"]
[WhiteElo "2152"]
[BlackElo "2369"]
[PlyCount "25"]
[EventDate "2014.01.??"]
[EventType "swiss"]
[EventRounds "11"]
[EventCountry "AUS"]
[SourceDate "2014.01.02"]

1. c4 c5 2. Nc3 Nc6 3. g3 g6 4. Bg2 Bg7 5. e3 d6 6. Nge2 Nf6 7. O-O O-O 8. Rb1
Bf5 9. d3 Qd7 10. Re1 Ne5 11. e4 Bg4 12. Qd2 Bf3 13. Nf4 1/2-1/2

[Event "2014 Australian Championships"]
[Site "Melbourne"]
[Date "2014.01.10"]
[Round "10.12"]
[White "Canfell, Greg"]
[Black "Jordan, Bill"]
[Result "1/2-1/2"]
[WhiteElo "2343"]
[BlackElo "2270"]
[PlyCount "160"]
[EventDate "2014.01.??"]
[EventType "swiss"]
[EventRounds "11"]
[EventCountry "AUS"]
[SourceDate "2014.01.02"]

1. Nf3 Nf6 2. g3 d5 3. c4 c6 4. Bg2 g6 5. O-O Bg7 6. d4 O-O 7. Ne5 Nbd7 8. Nc3
dxc4 9. Nxc4 Nb6 10. Ne5 Be6 11. e4 Qc8 12. Bg5 h6 13. Bf4 Rd8 14. Nf3 Bh3 15.
Qb3 Qe6 16. Bxh3 Qxh3 17. Bc7 Rd7 18. Bxb6 axb6 19. e5 Ng4 20. Ne2 g5 21. e6
Rd5 22. exf7+ Kh8 23. Kh1 Rf8 24. Neg1 Qh5 25. h3 Rxf7 26. Kg2 Nf6 27. Ne5 Rf8
28. Ngf3 Nd7 29. Nxd7 Rxd7 30. Rae1 b5 31. Re6 Qf7 32. Rfe1 Bf6 33. Qe3 Ra8 34.
Re2 Rad8 35. Re4 Rd6 36. b3 Kg7 37. Ne5 Qd5 38. Kh2 Re6 39. f4 Rf8 40. f5 Rd6
41. Qf3 e6 42. g4 b6 43. Kg2 c5 44. dxc5 bxc5 45. Ng6 exf5 46. gxf5 Rf7 47. Ne5
Re7 48. Ng4 Rf7 49. Re6 Qxf3+ 50. Kxf3 Rd3+ 51. Ke4 Rd4+ 52. Ke3 Rf4 53. Nxf6
Rxf6 54. Re7+ Rf7 55. Rxf7+ Kxf7 56. Rc2 Rxf5 57. a4 c4 58. bxc4 bxa4 59. c5
Ke7 60. Ke4 Rf4+ 61. Kd5 Kd7 62. Ra2 Kc7 63. Ra3 Rf5+ 64. Ke6 Rf4 65. Kd5 Rb4
66. Rf3 Rf4 67. Rd3 h5 68. Re3 Rf5+ 69. Kc4 g4 70. hxg4 hxg4 71. Re7+ Kc6 72.
Re6+ Kd7 73. Rg6 Rf4+ 74. Kb5 a3 75. c6+ Kc7 76. Rg7+ Kd6 77. c7 Rf8 78. Rxg4
Kxc7 79. Ra4 Rf5+ 80. Kb4 Rf4+ 1/2-1/2

[Event "2014 Australian Championships"]
[Site "Melbourne"]
[Date "2014.01.10"]
[Round "10.13"]
[White "Choong, Yita"]
[Black "Puccini, Jack"]
[Result "1-0"]
[WhiteElo "2203"]
[BlackElo "2078"]
[PlyCount "59"]
[EventDate "2014.01.??"]
[EventType "swiss"]
[EventRounds "11"]
[EventCountry "AUS"]
[SourceDate "2014.01.02"]

1. d4 Nf6 2. Nf3 g6 3. c4 Bg7 4. Nc3 O-O 5. e4 d6 6. Be2 e5 7. O-O Nc6 8. d5
Ne7 9. b4 Nh5 10. Re1 f5 11. Ng5 Nf6 12. Bf3 c6 13. Bb2 h6 14. Ne6 Bxe6 15.
dxe6 fxe4 16. Nxe4 Nxe4 17. Rxe4 d5 18. cxd5 cxd5 19. Rxe5 Bxe5 20. Bxe5 Qb6
21. Bb2 Rad8 22. Qd2 Kh7 23. Re1 Qd6 24. Bc1 g5 25. h4 Rxf3 26. gxf3 Rf8 27.
hxg5 Rxf3 28. Kg2 Rf8 29. g6+ Kg8 30. Qxh6 1-0

[Event "2014 Australian Championships"]
[Site "Melbourne"]
[Date "2014.01.10"]
[Round "10.14"]
[White "Penrose, Justin"]
[Black "Charles, Gareth"]
[Result "0-1"]
[WhiteElo "1986"]
[BlackElo "2150"]
[PlyCount "96"]
[EventDate "2014.01.??"]
[EventType "swiss"]
[EventRounds "11"]
[EventCountry "AUS"]
[SourceDate "2014.01.02"]

1. e4 c5 2. c3 Nf6 3. e5 Nd5 4. d4 cxd4 5. cxd4 d6 6. Nf3 Nc6 7. Bd2 e6 8. Bc4
Qb6 9. Bc3 Nxc3 10. Nxc3 dxe5 11. O-O exd4 12. Nb5 Bc5 13. b4 Be7 14. a4 O-O
15. a5 Qd8 16. Nbxd4 Nxd4 17. Nxd4 Bf6 18. Nf3 Bxa1 19. Qxa1 Qf6 20. Ne5 Rd8
21. Re1 Bd7 22. a6 Rab8 23. axb7 Rxb7 24. Qa5 Be8 25. h3 Rd2 26. Qc5 Qe7 27.
Qe3 Qxb4 28. Bd3 Rb2 29. Ra1 Qb6 30. Qg3 Qc7 31. f4 Qc5+ 32. Kh2 Qf2 33. Qxf2
Rxf2 34. Be4 Rc7 35. Bf3 f6 36. Nd3 Rd2 37. Nb4 Rd4 38. Na6 Rc2 39. Nb8 Rb4 40.
Na6 Ra4 41. Rxa4 Bxa4 42. Nb4 Rc4 43. Na6 Rd4 44. Nc5 Kf7 45. Kg3 Bd1 46. Bb7
a5 47. Bc8 e5 48. fxe5 fxe5 0-1

[Event "2014 Australian Championships"]
[Site "Melbourne"]
[Date "2014.01.10"]
[Round "10.15"]
[White "Pyke, Malcolm"]
[Black "Wallis, Christopher"]
[Result "0-1"]
[WhiteElo "2123"]
[BlackElo "2346"]
[PlyCount "88"]
[EventDate "2014.01.??"]
[EventType "swiss"]
[EventRounds "11"]
[EventCountry "AUS"]
[SourceDate "2014.01.02"]

1. c4 Nf6 2. Nc3 e6 3. Nf3 d5 4. d4 Be7 5. Bf4 O-O 6. e3 Nbd7 7. h3 c5 8. cxd5
Nxd5 9. Nxd5 exd5 10. dxc5 Nxc5 11. Be2 Qa5+ 12. Qd2 Nd3+ 13. Kf1 Qxd2 14. Nxd2
Nxf4 15. exf4 Bf6 16. Nb3 Bxb2 17. Rd1 Rd8 18. Bf3 b6 19. Rxd5 Bb7 20. Rxd8+
Rxd8 21. Ke2 Re8+ 22. Kd3 Bxf3 23. gxf3 f5 24. Nd2 Rd8+ 25. Ke2 Rd4 26. Rb1 Bc3
27. Nf1 Ra4 28. Ne3 g6 29. Rc1 Rxa2+ 30. Kd3 Bf6 31. Rc8+ Kg7 32. Nd5 Bh4 33.
Rc7+ Kh6 34. Rd7 Ra4 35. Nc7 Rxf4 36. Ne6 Rxf3+ 37. Kc4 Bxf2 38. Nf8 Kg5 39.
Nxh7+ Kf4 40. Nf8 Rxh3 41. Nxg6+ Kg5 42. Ne5 a6 43. Nd3 b5+ 44. Kc3 Be3 0-1